LTs sångbok
Descripción Física:
272 p. : 196 partitures ; 13 cm
Idioma:
Swedish
MARC
| LEADER | 00000nam a22000007a 4500 | ||
|---|---|---|---|
| 001 | 24750 | ||
| 003 | AGDB | ||
| 005 | 20260324181534.0 | ||
| 008 | 251007b sw ||||| |||| 00| 0 swe d | ||
| 041 | |a swe | ||
| 110 | |a Lantbruksförbundets tidskriftsaktiebolag |9 72415 |e ed. | ||
| 245 | |a LTs sångbok | ||
| 246 | |a L.T:s sångbok | ||
| 250 | |a Segona edició | ||
| 260 | |a Stockholm : |b Lantbruksförbundets Tidskriftsaktiebolag , |c 1951 | ||
| 300 | |a 272 p. : |b 196 partitures ; |c 13 cm | ||
| 365 | |2 onixpt |a 01 |b 3.50 |c SEK |d 00 | ||
| 500 | |a Prové del fons Joan Junyer i Pascual (1909-1994) | ||
| 500 | |a Inclou 50 cançons originals respecte a la primera edició. | ||
| 500 | |a Notes manuscrites en suec i català a la darrera pàgina | ||
| 501 | |a Conté un registre alfabètic (p. 264-272) | ||
| 501 | |a Conté glossari de termes (p. 262-263) | ||
| 501 | |a Inclou fragment de "Musikens första grunder", d'Aron Victor Bergenson (1908) (p. 258-161) | ||
| 650 | |a Fons Joan Junyer i Pascual (1909-1994) |9 72777 | ||
| 655 | 0 | |a Cançoners |9 72417 | |
| 942 | |2 udc |c ARXIU |n 1 | ||
| 952 | |0 0 |1 0 |4 0 |6 F50414 |7 1 |9 98396 |a Arxiu |b Arxiu |d 2025-10-07 |l 0 |o F-504-14 |p 24750 |r 2025-10-07 12:17:48 |w 2025-10-07 |y ARXIU | ||
| 999 | |c 130150 |d 130150 | ||